000 00511nam a2200157Ia 4500
008 090124s9999 xx 000 0 und d
082 _b37861
245 _a साद देती हिमशिखरे
250 _a0
260 _bउत्कर्ष प्रकाशन
_c1973
300 _a250
630 _a साद देती हिमशिखरे
700 _aजोशी रामचंद्र ज.
730 _a साद देती हिमशिखरे
942 _cBOOK
999 _c105786
_d105786